| 000 | 01104nam a2200253 a 4500 | ||
|---|---|---|---|
| 001 | 35679 | ||
| 003 | BD-RjUL | ||
| 005 | 20211209052349.0 | ||
| 008 | 190211s1877 ii 000 0 eng d | ||
| 035 | _a(BD-RjUL)35774 | ||
| 040 |
_aNIC _cNIC _beng |
||
| 041 | _aeng | ||
| 043 | _aa-ii--- | ||
| 082 |
_223 _a598.0954 _bJEB V-1-2 1877 |
||
| 100 | 1 |
_aJerdon, T. C. _q(Thomas Claverhill), _d1811-1872. _9228046 |
|
| 245 | 1 | 4 |
_aThe birds of India : _bbeing a natural history of all the birds known to inhabit continental India : with descriptions of the species, genera, families, tribes, and orders, and a brief notice of such families as are not found in India, making it a manual of ornithology specially adapted for India / _cby the late T.C. Jerdon ; reprinted under supervision of H. H. Godwin-Austen. |
| 260 |
_aCalcutta : _bP. S. D'Rozario, _c1877. |
||
| 300 |
_a2 v. in 3 ; _c22 cm. |
||
| 500 | _a"2 volumes in 3" | ||
| 505 | 0 | _aVol. 1 -- v. 2( part 1) -- v. 2( part 2) -- | |
| 650 | 0 |
_aBirds _zIndia. _9228047 |
|
| 700 | 1 |
_aGodwin-Austen, Henry Haversham, _d1834-1923. _9228073 |
|
| 942 |
_2ddc _cRAR |
||
| 999 |
_c35679 _d35679 |
||